|
|
|
|
| LEADER |
04688nam a22003973i 4500 |
| 001 |
EBC30686186 |
| 003 |
MiAaPQ |
| 005 |
20231204023231.0 |
| 006 |
m o d | |
| 007 |
cr cnu|||||||| |
| 008 |
231204s2005 xx o ||||0 ger d |
| 020 |
|
|
|a 9783631756980
|q (electronic bk.)
|
| 020 |
|
|
|z 9783631537299
|
| 035 |
|
|
|a (MiAaPQ)EBC30686186
|
| 035 |
|
|
|a (Au-PeEL)EBL30686186
|
| 035 |
|
|
|a (OCoLC)1399169866
|
| 040 |
|
|
|a MiAaPQ
|b eng
|e rda
|e pn
|c MiAaPQ
|d MiAaPQ
|
| 100 |
1 |
|
|a Kumpmann, Ingmar.
|
| 245 |
1 |
0 |
|a Systemwettbewerb und Umverteilung :
|b Gefaehrdet Die Globalisierung Den Sozialstaat?
|
| 250 |
|
|
|a 1st ed.
|
| 264 |
|
1 |
|a Frankfurt a.M. :
|b Peter Lang GmbH, Internationaler Verlag der Wissenschaften,
|c 2005.
|
| 264 |
|
4 |
|c ©2005.
|
| 300 |
|
|
|a 1 online resource (358 pages)
|
| 336 |
|
|
|a text
|b txt
|2 rdacontent
|
| 337 |
|
|
|a computer
|b c
|2 rdamedia
|
| 338 |
|
|
|a online resource
|b cr
|2 rdacarrier
|
| 490 |
1 |
|
|a Cege-Schriften Series ;
|v v.11
|
| 505 |
0 |
|
|a Cover -- Verzeichnis der Abbildungen und Tabellen -- Erster Teil: Einleitung -- Zweiter Teil: Umverteilung -- 2.1. Ziele und Formen der Umverteilungspolitik -- 2.2. Die Entwicklung des Sozialstaats: allgemeines Bild -- 2.2.1. Die Sozialleistungsquote als Indikator sozialpolitisch motivierter Umverteilung -- 2.2.2. Die Entwicklung des Sozialstaats in Zeiten wachsender Internationalisierung: allgemeines Bild -- 2.3. Die Substitutionswirkung staatlicher Sozialleistungen -- a) Zur Verdrängung privater Umverteilung -- b) Zur Verdrängung privater Vorsorge -- 2.4. Ursachen für den Umfang staatlicher Sozialpolitik -- 2.4.1. Wirtschaftlicher Entwicklungsstand und sozialpolitischer Bedarf -- 2.4.2. Institutionen und politische Entscheidungsmechanismen -- 2.4.3. Gesellschaftliche Gruppen, Interessenorganisationen und politische Parteien -- 2.4.4. Der keynesianische Wohlfahrtsstaat und der Kalte Krieg -- 2.4.5. Die Pfadabhängigkeit der Sozialpolitik -- 2.4.6. Zusammenfassendes Ergebnis -- Dritter Teil: Systemwettbewerb -- 3.1. Der Begriff Wettbewerb und seine Anwendung auf Staaten -- 3.2. Wettbewerbsfähigkeit in einem angebots- und einem nachfrageorientierten Zusammenhang -- 3.3. Formen des Staatenwettbewerbs -- 3.3.1. Standortwettbewerb um mobile Produktionsfaktoren -- 3.3.2. Wettbewerb um Absatzmärkte -- 3.3.3. Wettbewerb um Wissen -- 3.4. Ausmaß der internationalen Faktorwanderungen und des internationalen Handels -- 3.4.1. Kapital und unternehmerische Tätigkeit -- a) Direktinvestitionen und Wertpapiertransaktionen -- b) Das Feldstein-Horioka-Problem -- c) Fazit zur Kapitalmobilität -- 3.4.2. Arbeitskräftemobilität -- 3.4.3. Internationaler Handel -- 3.4.4. Zusammenfassung -- Vierter Teil: Folgen des Systemwettbewerbs für die Umverteilung -- 4.1. Systemwettbewerb und Umverteilung: die theoretische Diskussion -- 4.1.1. Faktorwanderungen und Umverteilung.
|
| 505 |
8 |
|
|a 4.1.2. Außenhandel und Umverteilung -- 4.1.3. Der Systemwettbewerb und das Kräfteverhältnis gesellschaftlicher Gruppen -- 4.1.4. Umverteilung bei Agglomerationenbildung -- 4.1.5. Die Kompensationshypothese -- 4.1.6. Ergebnisse der theoretischen Überlegungen -- 4.2. Systemwettbewerb und Umverteilung: das empirische Bild -- 4.2.1. Einfluss der Steuer- und Sozialpolitik auf die Standort- und Wohnortwahl und den Exporterfolg -- a) Steuerpolitik und Direktinvestitionen -- b) Steuer- und Sozialpolitik und Bevölkerungswanderungen -- c) Steuerpolitik und Außenbeitrag -- 4.2.2. Beeinflussung der Steuer- und Sozialpolitik durch Wanderungsentscheidungen -- a) Empirische Untersuchungen zur Kompensationshypothese -- b) Internationaler Wettbewerb und Steuerpolitik -- c) Die Beeinflussung der Sozialleistungen -- 4.2.3. Empirische Studie zur Beeinflussung der Sozialleistungsquote -- a) Durchführung der Studie -- b) Ergebnisse der Regressionsanalysen und einige Erklärungen -- 4.3. Systemwettbewerb und Umverteilung: Ergebnisse -- Fünfter Teil: Schlussbetrachtung und Politik-Implikationen -- Anhang -- Literaturverzeichnis.
|
| 588 |
|
|
|a Description based on publisher supplied metadata and other sources.
|
| 590 |
|
|
|a Electronic reproduction. Ann Arbor, Michigan : ProQuest Ebook Central, 2023. Available via World Wide Web. Access may be limited to ProQuest Ebook Central affiliated libraries.
|
| 655 |
|
4 |
|a Electronic books.
|
| 776 |
0 |
8 |
|i Print version:
|a Kumpmann, Ingmar
|t Systemwettbewerb und Umverteilung
|d Frankfurt a.M. : Peter Lang GmbH, Internationaler Verlag der Wissenschaften,c2005
|z 9783631537299
|
| 797 |
2 |
|
|a ProQuest (Firm)
|
| 830 |
|
0 |
|a Cege-Schriften Series
|
| 856 |
4 |
0 |
|u https://ebookcentral.proquest.com/lib/matrademy/detail.action?docID=30686186
|z Click to View
|